|
|
|
|
| LEADER |
00000nam0a2200000 4500 |
| 001 |
133161 |
| 005 |
20231031135232.0 |
| 035 |
|
|
|a (RuTPU)RU\TPU\book\144290
|
| 090 |
|
|
|a 133161
|
| 100 |
|
|
|a 20080313d1975 m y0rusy5003 ca
|
| 101 |
0 |
|
|a rus
|
| 102 |
|
|
|a RU
|
| 105 |
|
|
|a a z 000ay
|
| 200 |
1 |
|
|a Сто дней, сто ночей; Девушки нашего полка; Отчаянная
|e Повести, рассказы
|f А. Д. Баяндин
|g авт. предисл. В. Черненко
|
| 210 |
|
|
|a Пермь
|c Пермское книжное издательство
|d 1975
|
| 215 |
|
|
|a 292 с.
|c ил.
|d 21 см
|
| 327 |
1 |
|
|a Содерж.: Повести: Сто дней, сто ночей; Девушки нашего полка; Отчаянная; Рассказы: Сегодня концерта не будет; Ничейная зона; Северная звезда; Шинель; Дерзкий маневр; Один час; За Бугом: Записки офицера
|
| 610 |
1 |
|
|a Великая Отечественная война 1941-1945 гг.
|
| 610 |
1 |
|
|a повести
|
| 675 |
|
|
|a Р2
|z rus
|
| 700 |
|
1 |
|a Баяндин
|b А. Д.
|g Анатолий Денисович
|4 070
|
| 702 |
|
1 |
|a Черненко
|b В.
|4 080
|
| 801 |
|
0 |
|a RU
|b RuMRKP
|c 19950413
|g psbo
|
| 801 |
|
1 |
|a RU
|b 63413507
|c 20080313
|g PSBO
|
| 801 |
|
2 |
|a RU
|b 63413507
|c 20080313
|g PSBO
|
| 942 |
|
|
|c BK
|